Представление документа в формате RUSMARC

ПолеНазваниеЗначение
  Тип записи a
  Библиографический уровень m
001 Контрольный номер 2e8e93b6ba194036b40ee5f1e1192b03
005 Дата корректировки 20201206205208.5
010 Индекс ISBN __
a ISBN 978-5-08-005862-2 (в пер.)
d Цена 301-07, 3000 экз.
100 Данные общей обработки __
a Данные общей обработки 19190729d||||2018||| 0rusy0189 ca
101 Язык документа 0_
a Язык текста rus
102 Страна публикации __
a Страна публикации ru
102 Страна публикации __
a Страна публикации RU
105 Кодированные данные (монография) __
a Кодированные данные (монография) a|||||||000zy
200 Заглавие и сведения об ответственности 1_
a Заглавие Та сторона, где ветер
e Сведения, относящиеся к заглавию повесть : [для среднего школьного возраста]
f Первые сведения об ответственности Владислав Крапивин ; художник Е. Медведев ; [вступительная статья Н. З. Соломко]
b Общее обозначение материала Текст
210 Выходные данные __
a Место издания Москва
c Издательство Детская литература
d Дата издания 2018
215 Физическое описание __
a Объем 377, [1] с.
c Иллюстрации/тип воспроизводства ил., портр.
d Формат 21 см
225 Серия __
a Серия Школьная библиотека
327 Примечание о содержании __
a Примечание о содержании Владислав Крапивин: его жизнь и книги
330 Аннотация __
a Аннотация В жизни каждого человека случается беда. И порой кажется, что справиться с ней совершенно невозможно. Но несчастье отступает, если рядом оказывается настоящий друг, который разделит с тобой твою боль, поможет выстоять, не сломаться. Это повесть о мальчишках с верными и смелыми сердцами, о настоящей дружбе, о том, как научиться любить и понимать друг друга, сопереживать и вовремя приходить на помощь.
333 Примечание о целевом назначении __
a Примечание о целевом назначении 12+. Для детей старше 12 лет
600 Персоналии __
a Персоналии (Фамилия) Крапивин, В. П.
c Дополнение к имени писатель советский
f Даты 1938-
g Полное имя Владислав Петрович
606 Тематические рубрики __
a Основная рубрика Художественная литература
606 Тематические рубрики __
a Основная рубрика Русская литература XX в. (произведения)
z Хронологическая подрубрика 20 в.
610 Ключевые слова __
a Ключевые слова детская литература
610 Ключевые слова __
a Ключевые слова детские повести
610 Ключевые слова __
a Ключевые слова повести
610 Ключевые слова __
a Ключевые слова тема детей
610 Ключевые слова __
a Ключевые слова тема детства
610 Ключевые слова __
a Ключевые слова тема дружбы
610 Ключевые слова __
a Ключевые слова тема мальчиков
610 Ключевые слова __
a Ключевые слова тема приключений
686 Индексы других классификаций __
2 Код системы rubbks
a Классификационный индекс ст84(2=411.2)6-4
700 Автор _1
a Фамилия Крапивин
b Имя В. П.
f Даты 1938-
g Полное личное имя Владислав Петрович
4 Код отношения 070
702 Вторичная интеллектуальная ответственность _1
a Фамилия Медведев
b Имя Е. А.
4 Код отношения Художник
f Даты 1934-
g Полное личное имя Евгений Алексеевич
4 Код отношения 040
702 Вторичная интеллектуальная ответственность _1
a Фамилия Соломко
b Имя Н. З.
4 Код отношения Автор предисловия и т.д.
f Даты 1950-
g Полное личное имя Наталья Зоревна
4 Код отношения 080
801 Источник записи _0
a Страна ru
b Организация Муниципальное бюджетное учреждение культуры "Централизованная библиотечная система" г. Сургут (Центральная городская библиотека им. А. С. Пушкина)
c Дата составления 20190729
g Правила каталогизации PSBO
801 Источник записи _1
a Страна ru
b Организация Муниципальное бюджетное учреждение культуры "Централизованная библиотечная система" г. Сургут (Центральная городская библиотека им. А. С. Пушкина)
c Дата составления 20190729
g Правила каталогизации PSBO
852 Данные о местонахождении __
j Шифр хранения ст84(2=411.2)6-4
i Авторский знак К 77
901 Тип документа __
t Тип документа m
a Ответственный КиК/Мамарузиева
903 Характеристики (МАРС) __
a Дата передачи 20190729
969 Тип издания __
a Тип издания издание для детей
990 Данные о заказе (DOS) __
j Количество экземпляров (DOS) 1
t N записи в КСУ для И/У (DOS) 201908